[Event "Frome op 32nd"]
[Site "Frome"]
[Date "2023.05.12"]
[Round "1"]
[White "Ganguly, Anshuman"]
[Black "Garcia Castellote, Oscar"]
[Result "0-1"]
[WhiteElo "1666"]
[BlackElo "2081"]
[PlyCount "52"]
[EventDate "2023.05.12"]
[EventType "swiss"]
[EventRounds "5"]
[EventCountry "ENG"]
[SourceTitle "EXT 2024"]
[Source "ChessBase"]
[SourceDate "2023.10.10"]
[SourceVersion "1"]
[SourceVersionDate "2023.10.10"]
[SourceQuality "1"]

1. e4 c5 2. Nf3 Nc6 3. d4 cxd4 4. Nxd4 Nf6 5. Nc3 e5 6. Ndb5 d6 7. Bg5 a6 8. Na3 b5 9. Nd5 Be7 10. Bxf6 Bxf6 11. c3 0-0 12. Nc2 Rb8 13. g3 Bg5 14. h4 Bh6 15. Nce3 b4 16. c4 Nd4 17. Nc2 Bg4 18. Qxg4 Nxc2+ 19. Kd1 Nxa1 20. Bd3 b3 21. a3 Qa5 22. f4 Nc2 23. Bxc2 bxc2+ 24. Kc1 Kh8 25. Ne7 Rxb2 26. Kxb2 Qd2 0-1

[Event "Daventry 4NCL Easter op-B 3rd"]
[Site "Daventry"]
[Date "2023.04.08"]
[Round "3"]
[White "Ganguly, Anshuman"]
[Black "Obi, Okwose Marc"]
[Result "1/2-1/2"]
[WhiteElo "1472"]
[BlackElo "1772"]
[PlyCount "133"]
[EventDate "2023.04.07"]
[EventType "swiss"]
[EventRounds "7"]
[EventCountry "ENG"]
[SourceTitle "EXT 2024"]
[Source "ChessBase"]
[SourceDate "2023.10.10"]
[SourceVersion "1"]
[SourceVersionDate "2023.10.10"]
[SourceQuality "1"]

1. e4 c5 2. Nf3 a6 3. a3 b5 4. d4 cxd4 5. Nxd4 e5 6. Nf3 Nc6 7. Bd3 Bc5 8. 0-0 h6 9. a4 b4 10. Nbd2 Nf6 11. Nc4 d6 12. Be3 Bxe3 13. Nxe3 0-0 14. Nh4 g6 15. Nf3 Be6 16. Nd2 a5 17. Kh1 Rc8 18. f4 exf4 19. Rxf4 Ne5 20. Rf1 Nxd3 21. cxd3 d5 22. Qf3 d4 23. Nec4 Nd7 24. Qf4 Kg7 25. Qd6 Nc5 26. Qe5+ Kh7 27. Rf3 f6 28. Qd6 Qxd6 29. Nxd6 Rc6 30. N6c4 Bxc4 31. Nxc4 Ra8 32. h3 Kg7 33. g4 Nxd3 34. Nxa5 Rc1+ 35. Rxc1 Nxc1 36. Nc6 d3 37. Rf1 d2 38. Rd1 Nb3 39. Nxb4 Rxa4 40. Nd5 Ra2 41. Kg1 Rxb2 42. Kf2 Rc2 43. Ne3 Rc1 44. Ke2 Kf7 45. Nd5 Ke6 46. Nf4+ Ke5 47. Nd3+ Kxe4 48. Rxd2 Nxd2 49. Nxc1 Nf3 50. Kf2 Ng5 51. Kg3 Ke3 52. Nb3 Ne4+ 53. Kg2 Kf4 54. Nd4 f5 55. gxf5 gxf5 56. Ne6+ Ke3 57. Ng7 f4 58. Nf5+ Ke2 59. Nd4+ Kd3 60. Nf5 Ng5 61. h4 Ke4 62. hxg5 hxg5 63. Nh6 f3+ 64. Kg3 Ke3 65. Ng4+ Ke2 66. Nf2 Ke3 67. Ng4+ 1/2-1/2